| 000 | 01166cam a2200253 4500 | ||
|---|---|---|---|
| 001 | WB3606-21 | ||
| 008 | 000000n2000 000 0 eng u | ||
| 035 | _a(Sirsi) u104126 | ||
| 245 | _aRenewal of business leases | ||
| 260 | _c2000 | ||
| 490 |
_aEstates Gazette Case Summaries _v[2000] EGCS 11 (1) |
||
| 520 | _a"Gatwick Parking Service Ltd v Sargent", CA 24 January 2000. The respondent tenant occupied a site used as a car park . The landlord opposed an application for a new tenancy on the grounds that he was intending to occupy for the same purpose. The planning permission for the use of the site as a car park was conditional on the use being carried out by the tenant company. The County Court judge ruled in favour of the tenant. The landlord appealed. "Held" appeal allowed. | ||
| 590 | _aWB | ||
| 650 | _aLEASE RENEWAL | ||
| 650 | _aBUSINESS LEASES | ||
| 650 | _aGATWICK PARKING SERVICE LTD V SARGENT | ||
| 650 | _aLANDLORD AND TENANT ACT 1954 | ||
| 650 | _aSOLE OCCUPATION | ||
| 650 | _aOPPOSITION | ||
| 650 | _aPLANNING PERMISSION | ||
| 650 | _aPLANNING PERMISSION | ||
| 690 | _aLANDLORD AND TENANT-BUSINESS TENANCIES | ||
| 942 | _n0 | ||
| 999 |
_c62501 _d62501 |
||